| Tag |
First Indicator |
Second Indicator |
Subfields |
| LEADER |
00000nam a2200000Ia 4500 |
| 001 |
in00004240949 |
| 005 |
20200807093939.0 |
| 006 |
m g d |
| 007 |
cr bn |||a|bb| |
| 008 |
850516s1647 enk o 00| | eng d |
| 035 |
|
|
|a (OCoLC)12044400
|
| 040 |
|
|
|a EAA
|c EAA
|d m/c
|d WaOLN
|
| 037 |
|
|
|a CL0037000002
|b ProQuest Information and Learning. 300 N. Zeeb Rd., Ann Arbor, MI 48106
|
| 043 |
|
|
|a e-uk---
|
| 049 |
|
|
|a UMIA
|
| 100 |
1 |
|
|a Fairfax, Thomas Fairfax,
|c Baron,
|d 1612-1671.
|
| 245 |
1 |
0 |
|a Severall letters sent from His Excellency, Sir Thomas Fairfax and the officers of the army, to the Right Honorable the Lord Mayor, aldermen, and Commons of the city of London in Common-Councell assembled :
|b with their answer to the said letters.
|
| 260 |
|
|
|a London :
|b Printed by Richard Cotes ...,
|c 1647.
|
| 300 |
|
|
|a 1 online resource ([2], 10 pages)
|
| 336 |
|
|
|a text
|b txt
|2 rdacontent
|
| 337 |
|
|
|a computer
|b c
|2 rdamedia
|
| 338 |
|
|
|a online resource
|b cr
|2 rdacarrier
|
| 510 |
4 |
|
|a Wing
|c F233
|
| 533 |
|
|
|a Electronic reproduction.
|b Ann Arbor, Mich. :
|c UMI,
|d 1999-
|f (Early English books online)
|n Digital version of: (Early English books, 1641-1700 ; 67:3)
|7 s1999 miun s
|
| 651 |
|
0 |
|a Great Britain
|x History
|y Civil War, 1642-1649.
|
| 610 |
1 |
0 |
|a England and Wales.
|b Army.
|
| 710 |
1 |
|
|a England and Wales.
|b Army.
|
| 710 |
2 |
|
|a City of London (England).
|b Court of Common Council.
|
| 830 |
|
0 |
|a Early English books online.
|
| 856 |
4 |
0 |
|u http://proxy.library.tamu.edu/login?url=https://search.proquest.com/docview/2248529236
|z Connect to the full text of this electronic book
|t 0
|
| 999 |
f |
f |
|s 58f35bb2-c3d8-322f-b008-a19651338e2e
|i 41a1cf84-a78e-3fac-8891-e08bfac59ee6
|t 0
|
| 952 |
f |
f |
|a Texas A&M University
|b College Station
|c Electronic Resources
|d Available Online
|t 0
|h No information provided
|
| 998 |
f |
f |
|t 0
|l Available Online
|